<?xml version="1.0" encoding="UTF-8"?><?xml-stylesheet type="text/xsl" href="static/style.xsl"?><OAI-PMH xmlns="http://www.openarchives.org/OAI/2.0/" xmlns:xsi="http://www.w3.org/2001/XMLSchema-instance" xsi:schemaLocation="http://www.openarchives.org/OAI/2.0/ http://www.openarchives.org/OAI/2.0/OAI-PMH.xsd"><responseDate>2026-04-17T16:06:47Z</responseDate><request verb="GetRecord" identifier="oai:www.recercat.cat:10459.1/66625" metadataPrefix="marc">https://recercat.cat/oai/request</request><GetRecord><record><header><identifier>oai:recercat.cat:10459.1/66625</identifier><datestamp>2024-12-05T23:05:50Z</datestamp><setSpec>com_2072_3622</setSpec><setSpec>col_2072_478537</setSpec></header><metadata><record xmlns="http://www.loc.gov/MARC21/slim" xmlns:dcterms="http://purl.org/dc/terms/" xmlns:xsi="http://www.w3.org/2001/XMLSchema-instance" xmlns:doc="http://www.lyncode.com/xoai" xsi:schemaLocation="http://www.loc.gov/MARC21/slim http://www.loc.gov/standards/marcxml/schema/MARC21slim.xsd">
   <leader>00925njm 22002777a 4500</leader>
   <datafield ind2=" " ind1=" " tag="042">
      <subfield code="a">dc</subfield>
   </datafield>
   <datafield ind2=" " ind1=" " tag="720">
      <subfield code="a">Domínguez Puértolas, Sandra</subfield>
      <subfield code="e">author</subfield>
   </datafield>
   <datafield ind2=" " ind1=" " tag="260">
      <subfield code="c">2019-07-16T08:37:12Z</subfield>
   </datafield>
   <datafield ind2=" " ind1=" " tag="260">
      <subfield code="c">2019-07-16T08:37:12Z</subfield>
   </datafield>
   <datafield ind2=" " ind1=" " tag="260">
      <subfield code="c">2019</subfield>
   </datafield>
   <datafield ind2=" " ind1=" " tag="520">
      <subfield code="a">Introducción: La episiotomía es una técnica médica invasiva que sigue destacando como &#xd;
una de las más utilizadas en la segunda etapa del trabajo de parto. La controversia con &#xd;
respecto a sus indicaciones se ha traducido en un aumento de los estudios para lograr &#xd;
una correcta indicación y el desarrollo de técnicas que la eviten, pero aun así no se ha &#xd;
logrado reducir las cifras para lograr los objetivos fijados por la OMS. La episiotomía &#xd;
incrementa los costes sanitarios, disminuyendo la autonomía de la mujer y causándole &#xd;
afectación a nivel físico y psíquico. Los profesionales de la salud, basándonos en la &#xd;
evidencia científica, debemos apoyar la idea de un parto más humanizado en el que las &#xd;
técnicas de protección perineal tengan mucho más peso que las técnicas de &#xd;
intervención, pudiendo ofrecer así unos cuidados de mayor calidad.  &#xd;
Objetivos: Evaluaremos la eficacia de dos intervenciones enfermeras (Hands-On y &#xd;
Hands-Off) para evitar la episiotomía y los desgarros vaginales de III y IV grado en &#xd;
mujeres parteras de la comunidad autónoma de Catalunya.  &#xd;
Metodología: A través de un Ensayo Clínico Aleatorizado, compararemos los resultados &#xd;
obtenidos en dos grupos de intervención, dos grupos sobre los cuales aplicaremos una &#xd;
técnica distinta (Hands-On o Hands-Off). Serán recogidas variables personales sobre el &#xd;
proceso de embarazo y parto, como variables mediadoras, la variable resultado y la &#xd;
calidad percibida sobre los cuidados. &#xd;
Conclusiones: Es necesario que enfermería siga realizando más estudios y se desarrollen &#xd;
técnicas innovadoras para favorecer el papel autónomo de la mujer en el parto y &#xd;
aumentar el protagonismo de la madre durante su transcurso.</subfield>
   </datafield>
   <datafield ind2=" " ind1=" " tag="520">
      <subfield code="a">Introduction: Episiotomy is an invasive medical technique that continues to stand out as &#xd;
one of the most used in the second stage of labor. The controversy regarding its &#xd;
indications has resulted in an increase in studies to achieve a correct indication and the &#xd;
development of techniques that avoid it, but even so, it has not been possible to reduce &#xd;
the figures to achieve the objectives set by the WHO. The episiotomy increases health &#xd;
costs, decreasing the autonomy of the woman and causing affectation at a physical and &#xd;
psychic level. Health professionals, based on scientific evidence, should support the idea &#xd;
of a more humanized delivery in which the techniques of perineal protection have much &#xd;
more weight than intervention techniques, thus offering higher quality care.  &#xd;
Objectives: We will evaluate the efficacy of two nursing interventions (Hands-On and &#xd;
Hands-Off) to avoid episiotomy and vaginal tears of III and IV degree in female midwives of the Autonomous Communities of Catalonia.  &#xd;
Methodology: Through a Randomized Clinical Trial, we will compare the results obtained &#xd;
in two intervention groups, two groups on which we will apply a different technique &#xd;
(Hands-On or Hands-Off). Personal variables will be collected about the pregnancy and &#xd;
delivery process, as mediating variables, the outcome variable and the perceived quality &#xd;
of care. &#xd;
Conclusions: It is necessary that nursing continue to carry out more studies and develop &#xd;
innovative techniques to promote the autonomous role of women in childbirth and &#xd;
increase the role of the mother during its course.</subfield>
   </datafield>
   <datafield ind1="8" ind2=" " tag="024">
      <subfield code="a">http://hdl.handle.net/10459.1/66625</subfield>
   </datafield>
   <datafield tag="653" ind2=" " ind1=" ">
      <subfield code="a">Episiotomía</subfield>
   </datafield>
   <datafield tag="653" ind2=" " ind1=" ">
      <subfield code="a">Trabajo de parto</subfield>
   </datafield>
   <datafield tag="653" ind2=" " ind1=" ">
      <subfield code="a">Parto Natural</subfield>
   </datafield>
   <datafield tag="653" ind2=" " ind1=" ">
      <subfield code="a">Perineo</subfield>
   </datafield>
   <datafield tag="653" ind2=" " ind1=" ">
      <subfield code="a">Segundo periodo</subfield>
   </datafield>
   <datafield tag="653" ind2=" " ind1=" ">
      <subfield code="a">Episiotomy</subfield>
   </datafield>
   <datafield tag="653" ind2=" " ind1=" ">
      <subfield code="a">Labor</subfield>
   </datafield>
   <datafield tag="653" ind2=" " ind1=" ">
      <subfield code="a">Natural Childbirth</subfield>
   </datafield>
   <datafield tag="653" ind2=" " ind1=" ">
      <subfield code="a">Perineum</subfield>
   </datafield>
   <datafield tag="653" ind2=" " ind1=" ">
      <subfield code="a">Second labor stage</subfield>
   </datafield>
   <datafield tag="653" ind2=" " ind1=" ">
      <subfield code="a">Part</subfield>
   </datafield>
   <datafield tag="653" ind2=" " ind1=" ">
      <subfield code="a">Part natural</subfield>
   </datafield>
   <datafield tag="653" ind2=" " ind1=" ">
      <subfield code="a">Perineu -- Cirurgia</subfield>
   </datafield>
   <datafield ind2="0" ind1="0" tag="245">
      <subfield code="a">Evaluación de la eficacia de una intervención de enfermería para evitar la episiotomía o desgarro vaginal durante el trabajo de parto en los hospitales de Catalunya. Ensayo clínico aleatorizado</subfield>
   </datafield>
</record></metadata></record></GetRecord></OAI-PMH>